000 01241nam a22002657a 4500
003 OSt
005 20260127160232.0
008 230606b ||||| |||| 00| 0 eng d
040 _cSSBUL
041 _ashan
082 _223
_a294.3443
100 0 _aငိုၼ်းယွတ်ႈ (မိူင်းယူႉ)၊
_cၶိင်း။
_928473
245 1 0 _aၼမ်ႉမေႃႇၶုမ်သႂ်တဵၵ်းၵိၼ်ႁင်းမၼ်းႁင်းၽႂ် /
_cၶိင်းငိုၼ်းယွတ်ႈ (မိူင်းယူႉ)
260 _aၼမ်ႉၶမ်း
_bမွၵ်ႇၵွၼ်ႁူင်းပေႃႉလိၵ်ႈ
_c2018
300 _a220 ၼႃႈ
_c29 ၸိၼ်ႇထီႇ
500 _aပႃးပပ်ႉၸဝ်ႈတႃႇၼႁင်းၶေႃး3ပပ်ႉ၊ မၢႆ- 2521-2522-2523 ၶွင်တွၵ်ႉတိူဝ်ႇၸၢႆးဢွင်ႇထုၼ်းလူႇတၢၼ်းဝႆႉ
500 _aS-SAT: Dr. Prof Sai Aung Tun
650 _aတြႃးၽြႃးပဵၼ်ၸဝ်ႈ
650 _aလင်ႇၵႃႇတႆး
_924247
942 _cBK
942 _2ddc
942 _2ddc
942 _2ddc
942 _2ddc
999 _c25350
_d25350